000 00308nam a22001457a 4500
008 210604b ||||| |||| 00| 0 eng d
020 _a9781285879079
041 _aeng
080 _a004
082 _a004
100 _a28
101 _aSHKI
245 _aComputer Literacy
_cShelly,G.B
942 _2udc
_cBK
999 _c57945
_d57945